000 00959nam a2200301 i 4500
001 000013705
003 DO-SdBNP
005 20251215065707.0
007 ta
008 091127s2001 dr a 000 0 spa d
020 _a9993401889
040 _aDO-SdBNP
_bspa
_cBNPHU
_erda
041 _aspa
082 _axxxxx
_bP515e
_222
100 1 _aPeynado, Jacinto B.
_d1941-2004
_eautor
_926114
245 1 3 _aEl Estado empresarial / :
_bJacinto B. Peynado.
264 _aSanto Domingo :
_bCocolo,
_c2001.
300 _avolumen :
_bilustraciones ;
_c23 cm.
336 _ardacontent
_btexto
_2txt
337 _ardamedia
_bsin mediación
_2n
338 _ardacarrier
_bvolumen
_2nc
500 _aIncluye referencias bibliográficas y notas al pie de las páginas
500 _aIncluye datos biográficos del autor en la solapa de la cubierta
500 _aLa biblioteca posee el volumen 2
590 _aInventariado, 2025/DG
910 _aDG
942 _2ddc
_cLBS1
999 _c13318
_d13318